Statistics for American Company Headquarters

Click here to take the quiz!

General Stats

  • This quiz has been taken 25 times
  • The average score is 24 of 50

Answer Stats

CompanyStateCity% Correct
J.P. Morgan ChaseNYNew York City
89%
CitigroupNYNew York City
89%
MetlifeNYNew York City
89%
Verizon CommunicationsNYNew York City
89%
UPSGAAtlanta
83%
Home DepotGAAtlanta
83%
BoeingILChicago
83%
Proctor & GambleOHCincinnati
83%
KrogerOHCincinnati
83%
General MotorsMIDetroit
83%
AmazonWASeattle
83%
AT&TTXDallas
78%
Phillips 66TXHouston
78%
ComcastPAPhiladelphia
78%
Wells FargoCASan Francisco
78%
McKessonCASan Francisco
78%
Bank of America CorpNCCharlotte
72%
AetnaCTHartford
72%
TargetMNMinneapolis
72%
Fannie MaeDCWashington DC
72%
AnthemINIndianapolis
67%
Valero EnergyTXSan Antonio
67%
Berkshire HathawayNEOmaha
61%
Albertsons COSIDBoise
56%
AppleCACupertino
56%
Prudential FinancialNJNewark
56%
Express Scripts HoldingMOSt. Louis
50%
Ford MotorMIDearborn
39%
WalmartARBentonville
33%
State Farm InsuranceILBloomington
28%
AlphabetCAMountain View
28%
IBMNYArmonk
22%
MicrosoftWARedmond
22%
IntelCASanta Clara
22%
Johnson & JohnsonNJNew Brunswick
17%
Dell TechnologiesTXRound Rock
17%
Archer Daniels MidlandILDecatur
11%
Cardinal HealthOHDublin
11%
Exxon MobilTXIrving
11%
CostcoWAIssaquah
11%
Lowe'sNCMooresville
11%
ChevronCASan Ramon
11%
AmerisourcebergenPAChesterbrook
6%
Walgreens Boots AllianceILDeerfield
6%
General ElectricCTFairfield
6%
United TechnologiesCTFarmington
6%
Freddie MacVAMclean
6%
United Health GroupMNMinnetonka
6%
PepsicoNYPurchase
6%
CVS HealthRIWoonsocket
6%

Score Distribution

Percentile by Number Answered

Percent of People with Each Score

Your Score History

You have not taken this quiz